Score 0/20 Timer 08:00
0 Plays Today
% Correct
Strawberries
99.8%
Onion Peel
96.7%
Banana
96.7%
Bell Pepper
95.7%
Avocado
90.3%
Grapes
89.5%
Lemon
89.2%
Kiwi
89.2%
Tomatoes
88.8%
Mushrooms
88%
% Correct
Broccoli
87.9%
Raspberries and Blackberries
86.8%
Peas
85%
Mandarins
84%
String Beans
82.1%
Beetroot
78.2%
Pomegranate Seeds
75.3%
Currants
31.6%
Apple Peels
30.9%
Carrot Shavings
30.5%
Remove Ads.
Support Sporcle.
Get the best of Sporcle when you Go Orange. This ad-free experience offers more features, more stats, and more fun while also helping to support Sporcle. Thank you for becoming a member.

You're not logged in!

Compare scores with friends on all Sporcle quizzes.
OR
Log In

Show Comments

Extras

Top Quizzes Today


Score Distribution

Your Account Isn't Verified!

In order to create a playlist on Sporcle, you need to verify the email address you used during registration. Go to your Sporcle Settings to finish the process.

Report this User

Report this user for behavior that violates our Community Guidelines.

Details: